The Theory of Machines: (Record no. 3314)

MARC details
000 -LEADER
fixed length control field 00791nac a22002051u 4500
008 - FIXED-LENGTH DATA ELEMENTS--GENERAL INFORMATION
fixed length control field 100906t xxu||||| |||| 00| 0 eng d
010 ## - LIBRARY OF CONGRESS CONTROL NUMBER
LC control number 57000863
035 ## - SYSTEM CONTROL NUMBER
System control number (OCoLC)4350781
082 ## - DEWEY DECIMAL CLASSIFICATION NUMBER
Classification number 621.8
Item number BEV
100 ## - MAIN ENTRY--PERSONAL NAME
Personal name Bevan, Thomas.
9 (RLIN) 18222
245 14 - TITLE STATEMENT
Title The Theory of Machines:
Remainder of title A Text-book for Engineering Students/
Statement of responsibility, etc By Thomas Bevan
250 ## - EDITION STATEMENT
Edition statement 2nd ed.
260 ## - PUBLICATION, DISTRIBUTION, ETC. (IMPRINT)
Place of publication, distribution, etc London,
-- New York,
Name of publisher, distributor, etc Longmans, Green
Date of publication, distribution, etc [1943]
300 ## - PHYSICAL DESCRIPTION
Extent 621 p. :
Other physical details ill. ;
Dimensions 23 cm.
500 ## - GENERAL NOTE
General note Donations.
500 ## - GENERAL NOTE
General note Donations - Bibliotheca Alexandrina.
650 #0 - SUBJECT ADDED ENTRY--TOPICAL TERM
Topical term or geographic name as entry element Mechanical engineering.
9 (RLIN) 18223
942 ## - ADDED ENTRY ELEMENTS (KOHA)
Item type Book - Borrowing
Call number prefix 621.8BEV
Source of classification or shelving scheme Dewey Decimal Classification
Holdings
Withdrawn status Item status Source of classification or shelving scheme Damaged status Not for loan Vendor Home library Current library Shelving location Date acquired Source of acquisition Total Checkouts Full call number Barcode Date last seen Koha item type
    Dewey Decimal Classification       Central Library Central Library First floor 06/09/2010     621.8 BEV 000030412 15/07/2025 Book - Borrowing